000 00829cam a22002655a 4500
005 20150820120118.0
008 150817r19681956nyua|||fr|||| 001 0 eng d
010 _a 68013104
040 _aEG-ScBUE
_beng
_cEG-ScBUE
082 0 4 _a693.5
_bTRO
_222
100 1 _aTroxell, George Earl,
245 1 0 _aComposition and properties of concrete /
_cGeorge Earl Troxell, Harmer E. Davis, Joe W. Kelly.
250 _a2nd ed.
260 _aNew York :
_bMcGraw-Hill Book,
_c1968.
300 _a529 p. :
_bill. ;
_c23 cm.
490 0 _aMcGraw-Hill civil engineering series
500 _aIndex : p. 517-529.
590 _adoaa mohamed
650 0 _aConcrete.
_2BUEsh
651 _2BUEsh
653 _bENGCIV
_cAugust2015
700 1 _aDavis, Harmer Elmer,
_d1905-
700 1 _aKelly, Joe Wallace,
_d1895-
942 _cBB
_2ddc
999 _c7224
_d7224